000 00568nam a2200133Ia 4500
008 220216s9999 xx 000 0 und d
100 _aGui-Zhi Jiang
_cet al
245 0 _aInvestigation on taxonomy of symptom of tapping panel dryness in Xishuangbanna
260 _bClimate Change, Low Carbon Economy and Sustainable Natural Rubber Industry: Preprints of Proceedings of IRRDB International Rubber Conference 2010, 18-19 October 2010 Sanya, Hainan, China, pp. 314-321.
650 _aRubber tree
650 _aSymptoms
650 _aTapping panel dryness
942 _cJS
999 _c61637
_d61637